Ευρωπαϊκή εκπαιδευτική πολιτική : βασικά κείμενα για την παιδεία, την εκπαίδευση και την κατάρτιση
Αποθηκεύτηκε σε:
| Συγγραφή απο Οργανισμό/Αρχή: | |
|---|---|
| Άλλοι συγγραφείς: | |
| Μορφή: | Βιβλίο |
| Γλώσσα: | Greek |
| Δημοσίευση: |
Αθήνα :
Gutenberg,
1996.
|
| Σειρά: | Βιβλιοθήκη κοινωνικής επιστήμης και κοινωνικής πολιτικής ;
v.46 |
| Θέματα: | |
| Ετικέτες: |
Προσθήκη ετικέτας
Δεν υπάρχουν, Καταχωρήστε ετικέτα πρώτοι!
|
MARC
| LEADER | 00000cam a2200000 i 4500 | ||
|---|---|---|---|
| 001 | 1/34004 | ||
| 008 | 980526s1996 gr | ||| |||| ||gre|| | ||
| 020 | |a 9600106355 | ||
| 035 | |l 10069614 | ||
| 040 | |a GR-MY-UA |b gre |e aacr | ||
| 041 | 0 | |a gre | |
| 082 | 7 | |a 379.4 |2 (22) | |
| 110 | 2 | |a Κέντρο Κοινωνικής Μορφολογίας και Κοινωνικής Πολιτικής (ΚΕΚΜΟΚΟΠ) | |
| 245 | 1 | 0 | |a Ευρωπαϊκή εκπαιδευτική πολιτική : |b βασικά κείμενα για την παιδεία, την εκπαίδευση και την κατάρτιση / |c εισαγωγή, επιλογή και επιμέλεια: Δ. Γ. Τσαούσης. |
| 260 | |a Αθήνα : |b Gutenberg, |c 1996. | ||
| 300 | |a 301 σ. ; |c 20 εκ. | ||
| 490 | 1 | |a (Βιβλιοθήκη κοινωνικής επιστήμης και κοινωνικής πολιτικής ; |v vol.46) | |
| 650 | 0 | |a Education and state. | |
| 700 | 1 | |a Τσαούσης, Δημήτριος Γ., |d 1931- |e aui |e edt | |
| 830 | 0 | |a Βιβλιοθήκη κοινωνικής επιστήμης και κοινωνικής πολιτικής ; |v v.46 | |
| 852 | |a INST |b RHODES |e 19980526 |h 379.4 ΕΥΡ |p 005400006544 |q 005400006544 |t BK |y 0 | ||
| 852 | |a INST |b RHODES |e 20030304 |h 379.4 ΕΥΡ |p 005400020643 |q 005400020643 |t BK |y 0 | ||
| 901 | |a BIBL-1998-2 | ||
| 909 | |a Ρ |b 103350 | ||
| 909 | |a Ρ |b 053241 | ||
| 922 | |a 4ΕΛΗ |b 200212 |c ΕΠΕΑΕΚ2/ΤΕΠΑΕΣ |d ΠΑΠΑΣΩΤΗΡΙΟΥ & ΕΛΕΥΘΕΡΟΥΔΑΚΗΣ | ||
| 922 | |a 4ΕΛΗ |b 199801 |c ΚΠΣ/ΔΕ |d EMVASIS | ||
| 970 | |a ΚΟΥΛΑΚΙΟΤΗ |b ΛΙΤΣΑ |z 2003/03/05 | ||